PR-SOF-2252-FPGA Implementation of CNN for Lung Cancer Diagnosis (Record no. 607271)
[ view plain ]
| 000 -LEADER | |
|---|---|
| fixed length control field | 00464nam a22001337a 4500 |
| 040 ## - CATALOGING SOURCE | |
| Transcribing agency | NUST |
| 082 ## - DEWEY DECIMAL CLASSIFICATION NUMBER | |
| Classification number | 220 PRO |
| 100 ## - MAIN ENTRY--PERSONAL NAME | |
| Personal name | Abdul Rehman Faisal Ayesha Babar Mashhood Ahmad Khan |
| 9 (RLIN) | 119600 |
| 110 ## - MAIN ENTRY--CORPORATE NAME | |
| Corporate name or jurisdiction name as entry element | Supervisor Kamran Aziz Bhatti Co-Supervisor Shahzad Amin Sheikh |
| 9 (RLIN) | 119601 |
| 245 ## - TITLE STATEMENT | |
| Title | PR-SOF-2252-FPGA Implementation of CNN for Lung Cancer Diagnosis |
| 260 ## - PUBLICATION, DISTRIBUTION, ETC. | |
| Place of publication, distribution, etc. | ISLAMABAD: |
| Name of publisher, distributor, etc. | NUST COLLEGE OF EME, |
| Date of publication, distribution, etc. | 2023. |
| 650 ## - SUBJECT ADDED ENTRY--TOPICAL TERM | |
| Topical term or geographic name entry element | DE-ELECT-41 |
| 9 (RLIN) | 119586 |
| 942 ## - ADDED ENTRY ELEMENTS (KOHA) | |
| Source of classification or shelving scheme | |
| Koha item type | Project Report |
| Withdrawn status | Lost status | Source of classification or shelving scheme | Damaged status | Not for loan | Permanent Location | Current Location | Shelving location | Date acquired | Total Checkouts | Full call number | Barcode | Date last seen | Price effective from | Koha item type |
|---|---|---|---|---|---|---|---|---|---|---|---|---|---|---|
| College of Electrical & Mechanical Engineering (CEME) | College of Electrical & Mechanical Engineering (CEME) | Reference | 12/11/2023 | 220 PRO | PR-SOF-2252 | 12/11/2023 | 12/11/2023 | Project Report |
